Shree Panchstikay Darpan (Record no. 1401737)

MARC details
000 -LEADER
fixed length control field 00740nam a2200301Ia 4500
008 - FIXED-LENGTH DATA ELEMENTS--GENERAL INFORMATION
fixed length control field 161027s9999||||xx |||||||||||||| ||und||
040 ## - CATALOGING SOURCE
Transcribing agency "Sanskrit, Hindi"
082 ## - DEWEY DECIMAL CLASSIFICATION NUMBER
Classification number X.B
082 ## - DEWEY DECIMAL CLASSIFICATION NUMBER
Item number BORI-38681
100 ## - MAIN ENTRY--PERSONAL NAME
Personal name Shree Kundkundacharya
245 ## - TITLE STATEMENT
Title Shree Panchstikay Darpan
245 ## - TITLE STATEMENT
Remainder of title Sheetalprasadaji
250 ## - EDITION STATEMENT
Remainder of edition statement 1
260 ## - PUBLICATION, DISTRIBUTION, ETC. (IMPRINT)
Place of publication, distribution, etc Surat
260 ## - PUBLICATION, DISTRIBUTION, ETC. (IMPRINT)
Name of publisher, distributor, etc Mulchand Kisandas kapadiya
300 ## - PHYSICAL DESCRIPTION
Extent 424
300 ## - PHYSICAL DESCRIPTION
Dimensions A
300 ## - PHYSICAL DESCRIPTION
Accompanying material Hardbound
530 ## - ADDITIONAL PHYSICAL FORM AVAILABLE NOTE
Uniform Resource Identifier <a href="00038243.pdf">00038243.pdf</a>
563 ## - BINDING INFORMATION
Binding note Text
600 ## - SUBJECT ADDED ENTRY--PERSONAL NAME
Personal name Shree Kundkundacharya
630 ## - SUBJECT ADDED ENTRY--UNIFORM TITLE
Uniform title Shree Panchstikay Darpan
650 ## - SUBJECT ADDED ENTRY--TOPICAL TERM
Topical term or geographic name as entry element Buddhism & Jainism
650 ## - SUBJECT ADDED ENTRY--TOPICAL TERM
Topical term or geographic name as entry element Jainism
700 ## - ADDED ENTRY--PERSONAL NAME
Personal name Shree Kundkundacharya
730 ## - ADDED ENTRY--UNIFORM TITLE
Uniform title Shree Panchstikay Darpan
942 ## - ADDED ENTRY ELEMENTS (KOHA)
Koha item type Book
Holdings
Withdrawn status Lost status Damaged status Not for loan Home library Current library Date acquired Cost, normal purchase price Total Checkouts Full call number Barcode Date last seen Cost, replacement price Price effective from Koha item type
        Bhandarkar Oriental Research Institute, Pune Bhandarkar Oriental Research Institute, Pune 10/27/2016 2.00   BORI-38681 BORI-38681 10/27/2016 2.00 10/27/2016 Book